000 00261nam a2200109Ia 4500
008 210107s9999 xx 000 0 und d
100 _aBurger, W
245 0 _aRadar Observers' Handbook
260 _aGlasgow
_bBrown Son & Ferguson
300 _a446
942 _cBK
999 _c10486
_d10486